Go Off - Lil Uzi Vert, Quavo & Travis Scott (Full lyrics) - Statistics

General Stats
  • This quiz has been taken 14 times
  • The average score is 366 of 518
Answer Stats
Lyrics % Correct
so
100%
0
88%
a
88%
all
88%
All
88%
gang
88%
go
88%
go,
88%
I
88%
I'm
88%
It
88%
it,
88%
it's
88%
me
88%
more
88%
of
88%
of,
88%
off
88%
on
88%
One
88%
one
88%
out
88%
race
88%
race,
88%
ride
88%
ride,
88%
Ride,
88%
Ride
88%
road
88%
the
88%
the,
88%
to
88%
We
88%
we
88%
Yah,
88%
Yeah,
88%
yeah,
88%
yeah
88%
and
75%
around
75%
because
75%
Because
75%
Blood
75%
brakes
75%
brakes,
75%
cake
75%
can
75%
can't
75%
car
75%
cars
75%
cars,
75%
child
75%
don't
75%
down,
75%
down
75%
drive,
75%
Drive
75%
for
75%
gas,
75%
got
75%
gotta
75%
Gotta
75%
GTR
75%
Hit
75%
hit
75%
IV
75%
much
75%
my
75%
My
75%
night,
75%
Nissan?
75%
no
75%
now
75%
overdrive
75%
pay
75%
propane
75%
ridin'
75%
rockin'
75%
rushin'
75%
slow
75%
Souped
75%
straight
75%
Takin'
75%
through
75%
time
75%
up
75%
veins,
75%
Why
75%
with
75%
yo'
75%
you
75%
You
75%
ain't
63%
became,
63%
drift
63%
'fore
63%
fourth
63%
gear,
63%
guitar
63%
heavy
63%
homies
63%
hope
63%
I-5
63%
I-9
63%
in
63%
life
63%
line,
63%
metal,
63%
rockstar,
63%
swervin'
63%
us,
63%
You're
63%
at
50%
Chase,
50%
chief
50%
Double
50%
double
50%
drivin'
50%
Drivin'
50%
fate
50%
lane
50%
like
50%
master
50%
matter
50%
Nine-nine,
50%
nine-nine
50%
pink
50%
slip
50%
speed
50%
speed,
50%
what
50%
when
50%
whip
50%
ether
38%
face
38%
Flame,
38%
high
38%
I'ma
38%
I'ma,
38%
movin'
38%
pass
38%
play
38%
smell
38%
stop
38%
thinkin'
38%
Bad
25%
been
25%
blinkin'
25%
burnin'
25%
code
25%
dark
25%
Helicopter
25%
hoverin',
25%
lanes,
25%
rubber
25%
shift
25%
stars
25%
start,
25%
start
25%
switchin'
25%
take
25%
tell
25%
thing
25%
tonight
25%
top
25%
adrenaline
13%
Automatic
13%
boy,
13%
chain,
13%
chop
13%
click
13%
fancy
13%
First,
13%
Hot-boxin'
13%
nitrous
13%
pumpin'
13%
Put
13%
relate
13%
'side
13%
stopped
13%
Vic
13%
No matching quizzes found
Score Distribution
Percent of People with Each Score
Percentile by Number Answered
Your Score History
You have not taken this quiz